Passages : An upper - level multi- skills course : With answers. Student's book and workbook 1 Volume 1 = Tiếng Anh trong giao tiếp quốc tế V.1
Đã lưu trong:
| Hovedforfatter: | |
|---|---|
| Format: | Bog |
| Udgivet: |
Nxb Trẻ
2001
|
| Tags: |
Tilføj Tag
Ingen Tags, Vær først til at tagge denne postø!
|
| Thư viện lưu trữ: | Mạng thư viện Đại học Đà Nẵng |
|---|
| LEADER | 00962nam a2200241 a 4500 | ||
|---|---|---|---|
| 001 | 000041580 | ||
| 003 | 18596 | ||
| 005 | 20171030155812.0 | ||
| 008 | 171030s2001 | ||
| 040 | |a LNN | ||
| 082 | 0 | |a 428.3 |b RI-J | |
| 100 | 1 | |a Richards, Jack C | |
| 245 | 0 | 0 | |a Passages : An upper - level multi- skills course : With answers. Student's book and workbook 1 Volume 1 = Tiếng Anh trong giao tiếp quốc tế |c Jack C. Richards and Chuck Sandy ; Nguyễn Văn Phước chú giải, Ban biên dịch First News. |n V.1 |
| 260 | |b Nxb Trẻ |c 2001 | ||
| OWN | |a LNN | ||
| AVA | |a UDN50 |b LNN |d 428.3 RI-J |e available |t Error 5001 Not defined in file expand_doc_bib_avail. |f 1 |g 0 |h N |i 0 |k 1 | ||
| 999 | |a From the UDN01 | ||
| AVA | |a UDN50 |b LNN |d 428.3 RI-J |e available |t Error 5001 Not defined in file expand_doc_bib_avail. |f 1 |g 0 |h N |i 0 |k 1 | ||
| TYP | |a Monograph | ||
| TYP | |a Printed language | ||
| 980 | |a Mạng thư viện Đại học Đà Nẵng | ||